Top 30 des alcools les plus populaires en France - Statistiques

Statistiques générales
  • Ce quiz a été pris 328 fois
    326 depuis la dernière actualisation
  • Le résultat moyen est 14 sur 30
Statistiques - réponses
Top Alcool % Correct
1 Bière
96%
6 Vodka
95%
2 Vin rouge
93%
9 Vin blanc
92%
8 Rhum
89%
4 Whisky
89%
5 Rosé
78%
3 Champagne
77%
7 Pastis
75%
10 Gin
65%
13 Get 27
59%
11 Tequila
49%
15 Jägermeister
44%
21 Cidre
43%
18 Cognac
40%
12 Martini
38%
14 Malibu
33%
27 Limoncello
26%
17 Porto
26%
29 Armagnac
20%
16 Bailey's
19%
30 Chartreuse
19%
20 Kir
19%
23 Saké
19%
28 Calvados
15%
19 Cointreau
15%
25 Absinthe
14%
26 Amaretto
11%
24 Triple sec
4%
22 Soju
3%
Aucun quiz correspondant
Distribution des résultats
% des personnes avec chaque résultat
Percentile par nombre de réponses
Votre historique - résultats
Vous n’avez pas pris ce quiz depuis la dernière actualisation